Normal view
MARC view
- Ebido, Analie G.
Entry Personal Name
001 - CONTROL NUMBER
- control field: 38598
003 - CONTROL NUMBER IDENTIFIER
- control field: OSt
005 - DATE AND TIME OF LATEST TRANSACTION
- control field: 20190426142441.0
008 - FIXED-LENGTH DATA ELEMENTS
- fixed length control field: 190426|| aca||aabn | a|a d
040 ## - CATALOGING SOURCE
- Original cataloging agency: OSt
- Transcribing agency: OSt
100 ## - HEADING--PERSONAL NAME
- Personal name: Ebido, Analie G.
670 ## - SOURCE DATA FOUND
- Source citation: Work cat.: (OSt): Ebido, Analie G., Food safety knowledge and food handling behavior of 3rd year BTTE students /, March 2018.
